1342 1004 1464 1658 1342 1648 1479 1368 1747 1156 1907 1416 1077 1146 1352 1170 1506 1469 1851 1979 1214 1826 1583 1722 1335 1658 1650 1975 1817 1515 1637 1863 1861 1113 1459 1903 1718 1367 1923 1631 1969 1501 1362 1345 1597 1348 1546 1377 1543 1117 1581 1676 1749 1601 1132 1930 1520 1719 1907 1061 1924 1737 1620 1877 1604 1164 1014 1484 1884 1435 1316 1115 1797 1718 1898 1206 1187 1291 1057 1970 1162 1847 1974 1941 1416 1873 1741 1568 1822 1240 1064 1541 1391 1059 2000 1109 1162 1339 1287 BCNSPRNW ULIB Ver.6.0+V

เปลี่ยนเป็นภาษาไทย

Change to English
 แสดงรายละเอียดบรรณานุกรม
  กลับหน้าหลัก

Brief Record : Get Marc (ISO 2709) : E-mail record : QR code < ปิดหน้าต่าง
LEADER : 00000nam 2200000uu 4500
001    13399108493
003     ULIB
008    110306s2553||||th 000 0 tha d
020    9786167287287
060 04 W62^bศ695ท
245 00 ทักษะการสื่อสาร=^bHow to ? /^cศูนย์ฝึกอบรมทักษะการสื่อสาร ฝ่ายกุมารเวชศาสตร์ โรงพยาบาลจุฬาลงกรณ์ ; บรรณาธิการ, ชิษณุ พันธุ์เจริญ, จรุงจิตร์ งามไพบูลย์
246 14 ทักษะการสื่อสาร How to :^bฉบับพกพา
246 30 ทักษะการสื่อสาร
250    พิมพ์ครั้งที่ 1
260    กรุงเทพฯ :^bธนาเพรส,^c2553
300    82 หน้า ;^c19 ซม.
650  7 การสื่อสาร^vคู่มือ
650  7 การสื่อสารทางการแพทย์
700 0  ชิษณุ พันธุ์เจริญ,^eบรรณาธิการ
700 0  จรุงจิตร์ งามไพบูลย์,^eบรรณาธิการ
710 2  โรงพยาบาลจุฬาลงกรณ์. ^bฝ่ายกุมารเวชศาสตร์.^bศูนย์ฝึกอบรมทักษะการสื่อสาร
945    ^p90^l0^i18027
945    ^p90^l0^i18026
945    ^p90^l0^i18025
945    ^p90^l0^i22863
945    ^p90^l0^i22864
995    ทศพร
999 ^a ใช้งานได้ทุกระบบ
รายการนี้ยังไม่มีแท็ก
คุณยังไม่ได้ล็อกอิน คุณสามารถมีกิจกรรมร่วมกับเว็บไซต์ได้ แต่ต้องล็อกอินก่อน ::
  ล็อกอิน

รายการสื่อสารสนเทศ

ลำดับที่ ประเภท เลขเรียก/บาร์โค้ด สถานที่ สถานะ
1. วิทยาศาสตร์การแพทย์ และสุขภาพ
วิทยาศาสตร์การแพทย์ และสุขภาพ
W62 ศ695ท ฉ.4 
  Barcode: 22863
ห้องสมุดวิทยาเขตนครสวรรค์
►ส่วนจัดเก็บหนังสือเก่า นว.
บนชั้น
  ขอยืม

รายการใกล้เคียง
    หัวเรื่อง [การสื่อสารทางการแพทย์]

BibComment


ยังไม่เคยถูกคอมเมนท์

คอมเมนท์ทรัพยากรรายการนี้
  คอมเมนท์: ทักษะการสื่อสาร H..


 Copyright 2026. Bcnsprnw @Library